| 000 | 00369nam a2200145Ia 4500 | ||
|---|---|---|---|
| 008 | 150201s2008 xx 000 0 und d | ||
| 082 |
_aC2008D _b617.6342 |
||
| 100 | _aDABAS,USHA | ||
| 245 | _aTEXT BOOK OF OPERATIVE DENTISTRY | ||
| 250 | _a1ST | ||
| 260 |
_bAITBS _aDELHI _c2008 |
||
| 300 | _a1-271 | ||
| 650 | _aCONSERVATIVE DENTISTRY & ENDODONTICS | ||
| 942 |
_2ddc _cBK |
||
| 999 |
_c3831 _d3831 |
||